[Event "17. Bayer Open"]
[Site "Leverkusen"]
[Date "2019.01.21"]
[Round "2.34"]
[White "Büttgenbach, Uwe Eugen"]
[Black "Linke, Michael"]
[Result "1/2-1/2"]
[WhiteElo "1603"]
[BlackElo "1819"]
[PlyCount "94"]
[EventDate "2019.??.??"]
[WhiteTeam "Ford SF Köln"]

1. e4 e5 2. Nf3 Nc6 3. Bc4 Nf6 4. Nc3 Nxe4 5. Nd5 Nf6 6. d4 Nxd5 7. Bxd5 Ne7 8.
Bb3 e4 9. Ne5 d5 10. O-O Ng6 11. Qh5 Nxe5 12. Qxe5+ Be6 13. f3 exf3 14. Rxf3
Qd6 15. Bf4 Qxe5 16. Bxe5 O-O-O 17. a4 f6 18. Bg3 h5 19. Re1 Bf7 20. c3 h4 21.
Bf4 Bd6 22. Bc2 Rde8 23. Bf5+ Kd8 24. Rxe8+ Rxe8 25. Bxd6 cxd6 26. Kf2 Bh5 27.
Re3 Rxe3 28. Kxe3 Ke7 29. Kf4 g5+ 30. Ke3 a5 31. h3 Kf7 32. Kd2 Bg6 33. Bxg6+
Kxg6 34. b4 b6 35. bxa5 bxa5 36. Kd3 f5 37. c4 dxc4+ 38. Kxc4 g4 39. Kd3 gxh3
40. gxh3 Kf6 41. Ke2 Kg5 42. Kf3 d5 43. Ke3 f4+ 44. Kf2 Kf6 45. Ke2 Kg6 46. Kf2
Kf6 47. Ke2 Ke6 1/2-1/2

[Event "17. Bayer Open"]
[Site "Leverkusen"]
[Date "2019.01.21"]
[Round "2.35"]
[White "Witte, Volker"]
[Black "Schmid, Arnold"]
[Result "1/2-1/2"]
[WhiteElo "1787"]
[BlackElo "1579"]
[PlyCount "51"]
[EventDate "2019.??.??"]
[WhiteTeam "SF Schlebusch"]
[BlackTeam "Oberbilker SV"]

1. d4 d5 2. c4 c6 3. Nc3 Nf6 4. Bg5 dxc4 5. Bxf6 gxf6 6. a4 Bf5 7. e3 Rg8 8. g3
e6 9. Bxc4 Bb4 10. Bd3 Bxd3 11. Qxd3 f5 12. Nge2 Nd7 13. O-O-O Qe7 14. Kb1
O-O-O 15. Rc1 Kb8 16. Nf4 Nc5 17. Qc2 Bxc3 18. bxc3 Ne4 19. Ka2 e5 20. Nd3 Qe6+
21. Qb3 Qxb3+ 22. Kxb3 Nd2+ 23. Kc2 Nc4 24. Kb3 Nd2+ 25. Kc2 Ne4 26. Kb3
1/2-1/2

[Event "17. Bayer Open"]
[Site "Leverkusen"]
[Date "2019.01.21"]
[Round "2.36"]
[White "Esser, Heinz"]
[Black "Meyer, Stefan"]
[Result "1-0"]
[WhiteElo "1558"]
[BlackElo "1783"]
[PlyCount "93"]
[EventDate "2019.??.??"]
[WhiteTeam "SV Dormagen"]
[BlackTeam "Ratinger SK"]

1. c4 f5 2. e3 Nf6 3. Nc3 g6 4. g3 Bg7 5. Bg2 d6 6. Nge2 e5 7. f4 e4 8. O-O O-O
9. b3 Be6 10. Bb2 Nc6 11. Rb1 Nb4 12. d4 exd3 13. Nd4 Bc8 14. a3 Na6 15. b4 c6
16. Qxd3 Nc7 17. e4 fxe4 18. Nxe4 Nxe4 19. Bxe4 d5 20. Bg2 dxc4 21. Qxc4+ Kh8
22. Rfd1 Qe7 23. Re1 Qd8 24. Qc5 Re8 25. Be4 Qe7 26. Qc2 Bd7 27. Bc3 Qf7 28.
Nf3 Bxc3 29. Qxc3+ Qg7 30. Qd2 Rad8 31. Qf2 Nb5 32. Ne5 Nc3 33. Rbc1 Nxe4 34.
Rxe4 Be6 35. h4 a6 36. h5 Bd5 37. Re3 Rf8 38. hxg6 hxg6 39. Qh2+ Kg8 40. g4
Rde8 41. Rce1 Qh7 42. Rh3 Qg7 43. g5 Rf5 44. Rh6 Re6 45. Re3 Bc4 46. Reh3 Rxf4
47. Rh8+ 1-0

[Event "17. Bayer Open"]
[Site "Leverkusen"]
[Date "2019.01.21"]
[Round "2.37"]
[White "Fröhling, Ewald"]
[Black "Kolleck, Wolf-Dietrich"]
[Result "0-1"]
[WhiteElo "1776"]
[BlackElo "1568"]
[PlyCount "84"]
[EventDate "2019.??.??"]
[WhiteTeam "Pulheimer SC"]
[BlackTeam "SC Bayer Leverkusen"]

1. e4 e5 2. Nf3 Nc6 3. Bb5 d6 4. Nc3 Bg4 5. O-O Nf6 6. h3 Bh5 7. d3 Be7 8. Be3
O-O 9. Qd2 Bxf3 10. gxf3 Nh5 11. Kh2 Nd4 12. Bxd4 exd4 13. Ne2 c6 14. Ba4 Qc7
15. Nxd4 d5+ 16. Kh1 Nf4 17. Rg1 g6 18. Nf5 Bf6 19. c3 Kh8 20. Nh6 Bg7 21. Ng4
f5 22. Ne3 Rad8 23. exf5 Nxh3 24. Rg3 Nf4 25. fxg6 Nxg6 26. d4 Qf4 27. Rag1 Rd7
28. Bc2 Nh4 29. Qd3 Qh6 30. Rh3 Bf6 31. Ng4 Qf4 32. Nxf6 Qxf6 33. Rg4 Nf5 34.
Rf4 Rdf7 35. Rh5 Qe6 36. Kg2 Qg6+ 37. Kf1 Qxh5 38. Ke2 Qg5 39. Rg4 Qc1 40. Bd1
Re7+ 41. Kf1 Qh6 42. Kg2 Re1 0-1

[Event "17. Bayer Open"]
[Site "Leverkusen"]
[Date "2019.01.21"]
[Round "2.38"]
[White "Ramien, Dina"]
[Black "Bigott, Martin"]
[Result "0-1"]
[WhiteElo "1548"]
[BlackElo "1769"]
[PlyCount "50"]
[EventDate "2019.??.??"]
[WhiteTeam "SG Porz"]
[BlackTeam "SF Lohmar"]

1. e4 d6 2. d4 g6 3. Nf3 Bg7 4. Bd3 Nc6 5. c3 e5 6. Be3 exd4 7. cxd4 Nge7 8. h3
O-O 9. O-O Kh8 10. Nc3 f5 11. Ne2 fxe4 12. Bxe4 d5 13. Bc2 Bxh3 14. Nf4 Bd7 15.
Ng5 Rf6 16. Re1 h6 17. Nf3 Bg4 18. Bc1 Qd6 19. Ne2 Bxf3 20. gxf3 Rxf3 21. Ng3
Rxg3+ 22. fxg3 Qxg3+ 23. Kh1 Qh3+ 24. Kg1 Bxd4+ 25. Be3 Bxe3+ 0-1

[Event "17. Bayer Open"]
[Site "Leverkusen"]
[Date "2019.01.21"]
[Round "2.39"]
[White "Hertling, Jürgen"]
[Black "Knobeloch, Olaf"]
[Result "1-0"]
[WhiteElo "1759"]
[BlackElo "1546"]
[PlyCount "69"]
[EventDate "2019.??.??"]
[WhiteTeam "Bergische SF"]
[BlackTeam "Pulheimer SC"]

1. d4 Nf6 2. c4 d6 3. Nc3 g6 4. e4 Bg7 5. Nf3 O-O 6. Be2 Nbd7 7. Be3 e5 8. O-O
Qe7 9. Nd2 exd4 10. Bxd4 b6 11. f3 Ne5 12. Nd5 Qd8 13. Rb1 Nxd5 14. cxd5 f5 15.
f4 Ng4 16. Nb3 Bxd4+ 17. Qxd4 fxe4 18. h3 Nh6 19. g4 Qh4 20. Qe3 Qe7 21. Bf3
Ba6 22. Rfe1 Bd3 23. Qxd3 Rxf4 24. Bxe4 Qh4 25. Rf1 Raf8 26. Rxf4 Rxf4 27. Rf1
Rxf1+ 28. Qxf1 Qg3+ 29. Bg2 Nf7 30. Qf2 Qd3 31. Nd4 Ng5 32. Kh2 Ne4 33. Bxe4
Qxe4 34. Ne6 Qe5+ 35. Kg1 1-0

[Event "17. Bayer Open"]
[Site "Leverkusen"]
[Date "2019.01.21"]
[Round "2.40"]
[White "Azimi, Reza"]
[Black "Kronseder, Michael"]
[Result "0-1"]
[WhiteElo "1496"]
[BlackElo "1752"]
[PlyCount "120"]
[EventDate "2019.??.??"]
[WhiteTeam "Schachuzipus Köln-Mülheim"]
[BlackTeam "SV Hürth-Berrenrath"]

1. e4 c5 2. Nf3 Nc6 3. d4 cxd4 4. Nxd4 d6 5. c3 Nf6 6. Bd3 e6 7. Bg5 Be7 8. O-O
O-O 9. Nd2 h6 10. Bh4 a6 11. f4 Qb6 12. Be2 Nxd4 13. cxd4 Qxd4+ 14. Bf2 Qb4 15.
Bd3 e5 16. fxe5 dxe5 17. Qc2 Be6 18. b3 Ng4 19. Nf3 Nxf2 20. Kxf2 Bc5+ 21. Kg3
Rac8 22. Qe2 Bd4 23. Rad1 Qe7 24. Nxd4 exd4 25. Kf2 Qh4+ 26. Kg1 Bg4 27. g3
Bxe2 28. gxh4 Bxd1 29. Rxd1 Rfe8 30. Kf2 Rc6 31. h5 Re5 32. Kg3 Rxh5 33. Bc4
Rg6+ 34. Kf3 b5 35. Bd5 d3 36. Rc1 d2 37. Rd1 Rxh2 38. Ke3 Kf8 39. Kd4 Rd6 40.
Kc5 Ke7 41. e5 Rg6 42. Rf1 f6 43. exf6+ Rxf6 44. Rd1 g5 45. Kd4 Kd6 46. Bb7 a5
47. Ke3 Re6+ 48. Kd3 Kc5 49. Kc2 b4 50. Bc8 Re3 51. Rf1 Rc3+ 52. Kb1 Rc1+ 53.
Rxc1+ dxc1=Q+ 54. Kxc1 Rxa2 55. Be6 h5 56. Bf7 h4 57. Bh5 Kd4 58. Bg4 Kc3 59.
Kb1 Rb2+ 60. Ka1 Rxb3 0-1

[Event "17. Bayer Open"]
[Site "Leverkusen"]
[Date "2019.01.21"]
[Round "2.41"]
[White "Elshani, Shaip"]
[Black "Nölle, Michael"]
[Result "1/2-1/2"]
[WhiteElo "1746"]
[BlackElo "1495"]
[PlyCount "72"]
[EventDate "2019.??.??"]
[WhiteTeam "SC Bayer Leverkusen"]
[BlackTeam "Königsspringer Leverkusen"]

1. d4 e6 2. b3 d5 3. Bb2 Nf6 4. e3 Nc6 5. c4 Bb4+ 6. Bc3 b6 7. Nf3 Ne4 8. Bxb4
Nxb4 9. a3 Nc6 10. Bd3 f5 11. g3 a5 12. O-O O-O 13. Ne5 Nxe5 14. dxe5 Nc5 15.
Nc3 Nxd3 16. Qxd3 c6 17. Rad1 Ba6 18. Qc2 Qe7 19. Qa2 dxc4 20. bxc4 Qc5 21. Rd4
Qxe5 22. Rfd1 Qc7 23. Rd7 Qe5 24. Ne2 Qf6 25. R1d6 Rad8 26. Rxd8 Rxd8 27. Rxc6
Rd1+ 28. Kg2 Bb7 29. Nd4 Rxd4 30. exd4 Qxd4 31. Qe2 Bxc6+ 32. f3 e5 33. Kh3 Qc3
34. f4 exf4 35. Qe6+ Kf8 36. Qxc6 Qf6 1/2-1/2

[Event "17. Bayer Open"]
[Site "Leverkusen"]
[Date "2019.01.18"]
[Round "2.42"]
[White "Holz, Peter"]
[Black "Ipekyilmaz, Tayfun"]
[Result "0-1"]
[WhiteElo "1488"]
[BlackElo "1741"]
[PlyCount "28"]
[EventDate "2019.??.??"]
[WhiteTeam "Pulheimer SC"]
[BlackTeam "Langenfelder SF"]

1. e4 e5 2. Bc4 Nf6 3. Nf3 Nc6 4. Ng5 d5 5. exd5 Na5 6. Bb5+ Bd7 7. Bxd7+ Qxd7
8. c4 Nxc4 9. O-O Nxd5 10. d3 Ncb6 11. Re1 f6 12. Ne4 O-O-O 13. a3 Nf4 14. Nc5
Bxc5 0-1

[Event "17. Bayer Open"]
[Site "Leverkusen"]
[Date "2019.01.21"]
[Round "2.43"]
[White "Elsweiler, Karl-Heinz"]
[Black "Busse, Michael"]
[Result "1-0"]
[WhiteElo "1738"]
[BlackElo "1485"]
[PlyCount "123"]
[EventDate "2019.??.??"]
[WhiteTeam "SV Opladen"]
[BlackTeam "Ford SF Köln"]

1. b4 d5 2. Bb2 e6 3. e3 Nf6 4. b5 Be7 5. Nf3 Nbd7 6. c4 c6 7. Nc3 a6 8. a4
axb5 9. axb5 Rxa1 10. Qxa1 O-O 11. cxd5 cxd5 12. Be2 Ne8 13. O-O f5 14. Ba3
Bxa3 15. Qxa3 Qc7 16. Rc1 Qb8 17. Ng5 Ndf6 18. f4 h6 19. Nf3 b6 20. Ne5 Nd6 21.
Nc6 Qc7 22. Na4 Nfe4 23. d3 Nf6 24. Ne5 Qb8 25. Qb4 Nf7 26. Rc6 Nxe5 27. fxe5
Qxe5 28. Qd2 Qa1+ 29. Bd1 Ng4 30. Rc1 Qe5 31. Bxg4 fxg4 32. Nxb6 Qb8 33. Qa5
Qb7 34. Rf1 Re8 35. Na4 Bd7 36. b6 Ra8 37. Nc5 Rxa5 38. Nxb7 Rb5 39. Nd8 Rxb6
40. Nf7 Bb5 41. Ne5 h5 42. Rb1 Rb7 43. d4 Ba6 44. Rxb7 Bxb7 45. Kf2 g6 46. Nxg6
Kg7 47. Ne5 Ba6 48. Kg3 Bb5 49. Kh4 Be8 50. Kg5 Kh7 51. Kf6 Bb5 52. g3 Kh6 53.
Kxe6 Bc4 54. Kf6 Bb3 55. Nc6 Bc2 56. Ne7 Bb3 57. Ke5 Kg5 58. Nxd5 h4 59. Ne7
Bf7 60. d5 Be8 61. d6 Bb5 62. Ke6 1-0

[Event "17. Bayer Open"]
[Site "Leverkusen"]
[Date "2019.01.21"]
[Round "2.45"]
[White "Hasanovic, Huzeir"]
[Black "Weirich, Ralf"]
[Result "1-0"]
[WhiteElo "1692"]
[BlackElo "1462"]
[PlyCount "62"]
[EventDate "2019.??.??"]
[WhiteTeam "SV Opladen"]
[BlackTeam "TV Witzhelden"]

1. e4 e5 2. Nf3 Nc6 3. Bc4 Bc5 4. O-O Nf6 5. d3 d6 6. h3 Be6 7. Nc3 Bxc4 8.
dxc4 Nd4 9. Bg5 h6 10. Bh4 g5 11. Bg3 Qd7 12. Nh2 h5 13. Nf3 g4 14. Nxd4 Bxd4
15. h4 Bxc3 16. bxc3 Nxe4 17. Qd3 Nxg3 18. fxg3 O-O-O 19. Rab1 Kb8 20. Qd5 c6
21. Qe4 Rdf8 22. Rbd1 f5 23. Qxe5 dxe5 24. Rxd7 e4 25. Re7 Kc8 26. Rd1 Rd8 27.
Rf1 Rde8 28. Rf7 Ref8 29. R1xf5 Rxf7 30. Rxf7 e3 31. Re7 Re8 1-0

[Event "17. Bayer Open"]
[Site "Leverkusen"]
[Date "2019.01.21"]
[Round "2.46"]
[White "Roder, Stephan"]
[Black "Falge, Rainer"]
[Result "0-1"]
[WhiteElo "1474"]
[BlackElo "1678"]
[PlyCount "84"]
[EventDate "2019.??.??"]
[WhiteTeam "Bergische SF"]
[BlackTeam "Langenfelder SF"]

1. e4 d6 2. d4 Nf6 3. Nc3 g6 4. Nf3 Bg7 5. Be3 Nbd7 6. Bc4 O-O 7. Qd2 Ng4 8.
Bf4 e5 9. Bg5 Bf6 10. Bxf6 Ngxf6 11. dxe5 Nxe5 12. Nxe5 dxe5 13. O-O-O Qe7 14.
Nd5 Nxd5 15. exd5 Rd8 16. Qe3 Qd6 17. Rhe1 Re8 18. Qb3 a6 19. Qe3 Bd7 20. Qh6
Re7 21. Re4 Rae8 22. Bb3 a5 23. Qe3 b5 24. a4 f5 25. Rh4 f4 26. Qe1 bxa4 27.
Ba2 Kg7 28. h3 Qf6 29. f3 Qg5 30. Rg4 Bxg4 31. hxg4 e4 32. Qxa5 e3 33. Bc4 Rd8
34. Be2 Qe5 35. c4 Red7 36. Qxa4 Rd6 37. Qa7 Qe7 38. Qd4+ Kg8 39. Qc3 Qd7 40.
Qb3 c6 41. dxc6 Rxd1+ 42. Bxd1 Qd2+ 0-1

[Event "17. Bayer Open"]
[Site "Leverkusen"]
[Date "2019.01.21"]
[Round "2.47"]
[White "Kinnert, Reinhard"]
[Black "Ramien, Hannah"]
[Result "1-0"]
[WhiteElo "1676"]
[BlackElo "1280"]
[PlyCount "143"]
[EventDate "2019.??.??"]
[WhiteTeam "TV Witzhelden"]
[BlackTeam "SG Porz"]

1. e4 e5 2. Nf3 Nc6 3. d4 exd4 4. Nxd4 Bc5 5. c3 Nf6 6. Bg5 h6 7. Bxf6 Qxf6 8.
Nf3 O-O 9. Bd3 d6 10. h3 Ne5 11. Be2 Re8 12. O-O Qg6 13. Kh1 Qxe4 14. Nbd2 Qg6
15. a4 a6 16. Nb3 Bf5 17. Nh4 Qg5 18. Nxf5 Qxf5 19. f4 Ng6 20. Bd3 Qf6 21. Qf3
Rab8 22. Qg4 Kh7 23. g3 Re3 24. Rad1 Ba7 25. h4 Kg8 26. Rf3 Ne5 27. fxe5 Qxf3+
28. Qxf3 Rxf3 29. exd6 cxd6 30. Be4 Rxg3 31. Na5 Rg4 32. Bc2 Rxh4+ 33. Kg2 Bb6
34. Nb3 Rxa4 35. Rxd6 Bc7 36. Rd7 Rg4+ 37. Kh3 Rg3+ 38. Kh2 Rd3+ 39. Rxc7 Re3
40. Nd4 Kf8 41. Bb3 Re7 42. Rc5 g5 43. Kg3 Re3+ 44. Kg4 Kg7 45. Nf5+ Kg6 46.
Nxe3 h5+ 47. Kh3 f5 48. Nxf5 g4+ 49. Kh4 Rf8 50. Bc2 Rh8 51. Ng3+ Kf6 52. Nxh5+
Ke6 53. Rg5 Kd6 54. Kxg4 Ke6 55. Bb3+ Kd6 56. c4 Kc6 57. Ba4+ Kb6 58. b4 Ka7
59. Rg7 Kb6 60. c5+ Ka7 61. c6 Kb8 62. Rxb7+ Kc8 63. Ra7 Rh6 64. Rxa6 Kc7 65.
b5 Kc8 66. b6 Kd8 67. Ra8+ Ke7 68. b7 Kd6 69. b8=Q+ Ke7 70. Qd8+ Ke6 71. Bb3+
Ke5 72. Qd5# 1-0

[Event "17. Bayer Open"]
[Site "Leverkusen"]
[Date "2019.01.21"]
[Round "2.48"]
[White "Teuber, Alfons"]
[Black "Janssen, Wolfgang"]
[Result "1-0"]
[WhiteElo "1212"]
[BlackElo "1675"]
[PlyCount "51"]
[EventDate "2019.??.??"]
[WhiteTeam "BSW Opladen"]
[BlackTeam "SV Dormagen"]

1. c4 Nf6 2. Nf3 g6 3. d4 Bg7 4. e3 O-O 5. Bd3 c5 6. dxc5 Qa5+ 7. Bd2 Qxc5 8.
a3 Nc6 9. Bc3 d5 10. b4 Qd6 11. c5 Qd8 12. O-O Bg4 13. Be2 Re8 14. h3 Bf5 15.
b5 Na5 16. Nd4 Bxb1 17. Rxb1 Ne4 18. Bb4 e5 19. Nf3 Rc8 20. Nd2 Nxc5 21. Rc1
Nab3 22. Nxb3 Nxb3 23. Qxb3 Rxc1 24. Rxc1 d4 25. e4 Qg5 26. Rc7 1-0

[Event "17. Bayer Open"]
[Site "Leverkusen"]
[Date "2019.01.21"]
[Round "2.49"]
[White "Syldath, Andreas"]
[Black "Stuch, Hans-Ferdinand"]
[Result "0-1"]
[WhiteElo "1207"]
[BlackElo "1667"]
[PlyCount "100"]
[EventDate "2019.??.??"]
[WhiteTeam "SF Düsseldorf-Süd"]
[BlackTeam "Godesberger SK"]

1. d4 Nf6 2. c4 e6 3. Nc3 Bb4 4. Nf3 O-O 5. Bg5 Bxc3+ 6. bxc3 d6 7. e3 Nbd7 8.
Bd3 c5 9. O-O Qa5 10. Qb3 b6 11. Bf4 e5 12. dxe5 dxe5 13. Nxe5 Bb7 14. Rad1
Nxe5 15. Bxe5 Ng4 16. Bf4 Rfe8 17. Qc2 h6 18. h3 Nf6 19. f3 Bc6 20. Be4 Nxe4
21. fxe4 Ba4 22. Qf2 Bxd1 23. Bxh6 Bh5 24. Bxg7 Kxg7 25. Qf6+ Kg8 26. Rf4 Re6
27. Qg5+ Bg6 28. Rh4 Qxc3 29. Qh6 Qa1+ 30. Kh2 Qe5+ 31. Kg1 Qa1+ 32. Kf2 Qg7
33. Qg5 Qf6+ 34. Qf4 Qxf4+ 35. exf4 Rxe4 36. Rg4 Kf8 37. Kf3 Rae8 38. Rh4 Kg7
39. Kg4 Rh8 40. g3 Rxh4+ 41. Kxh4 Rxc4 42. Kg4 Re4 43. h4 Kh6 44. a3 c4 45. a4
c3 46. a5 c2 47. axb6 axb6 48. Kh3 c1=Q 49. h5 Qh1+ 50. Kg4 Qxh5# 0-1

[Event "17. Bayer Open"]
[Site "Leverkusen"]
[Date "2019.01.21"]
[Round "2.50"]
[White "Gülden, Ralf"]
[Black "Marcziter, Alex"]
[Result "1-0"]
[WhiteElo "1666"]
[BlackElo "1183"]
[PlyCount "69"]
[EventDate "2019.??.??"]
[WhiteTeam "Königsspringer Leverkusen"]
[BlackTeam "SG Porz"]

1. d4 Nf6 2. c4 e6 3. Nc3 d5 4. Bg5 Nbd7 5. e3 c6 6. Bd3 Be7 7. Nf3 O-O 8. O-O
dxc4 9. Bxc4 b5 10. Bd3 Nd5 11. Bxe7 Qxe7 12. a3 a6 13. Qc2 h6 14. Nxd5 cxd5
15. Qc7 Rb8 16. Rac1 Bb7 17. Ne5 Rfd8 18. Nxd7 Qxd7 19. Qxd7 Rxd7 20. Rc5 g5
21. Rfc1 Rdd8 22. b4 Rdc8 23. f3 Kg7 24. Kf2 Kf6 25. e4 Rxc5 26. Rxc5 Rc8 27.
Ke3 Kg7 28. exd5 exd5 29. Bf5 Rxc5 30. dxc5 Kf6 31. Bd7 Ke7 32. c6 Bxc6 33.
Bxc6 Kd6 34. Bb7 Ke5 35. Bxa6 1-0

[Event "17. Bayer Open"]
[Site "Leverkusen"]
[Date "2019.01.21"]
[Round "2.51"]
[White "Pamula, Richard"]
[Black "Hoeper, Heinz-Joachim"]
[Result "0-1"]
[WhiteElo "1128"]
[BlackElo "1662"]
[PlyCount "58"]
[EventDate "2019.??.??"]
[WhiteTeam "Königsspringer Leverkusen"]
[BlackTeam "Pulheimer SC"]

1. e4 g6 2. Nf3 Bg7 3. d4 d6 4. Nc3 Nd7 5. Bc4 e6 6. O-O Ne7 7. Bf4 O-O 8. Qd2
Nb6 9. Bb3 a5 10. a3 Bd7 11. Bh6 a4 12. Ba2 d5 13. Bxg7 Kxg7 14. e5 Ng8 15. Bb1
Qe7 16. Ne2 Nc4 17. Qc1 f6 18. b3 axb3 19. cxb3 Rxa3 20. Rxa3 Nxa3 21. Qxc7 Bb5
22. Qxe7+ Nxe7 23. Re1 Nxb1 24. Nf4 Bd7 25. Rxb1 Nc6 26. Nd3 b6 27. Re1 Ra8 28.
exf6+ Kxf6 29. h4 Ra3 0-1

[Event "17. Bayer Open"]
[Site "Leverkusen"]
[Date "2019.01.21"]
[Round "2.54"]
[White "Kratz, Claudia"]
[Black "Yon, Gregory"]
[Result "0-1"]
[WhiteElo "951"]
[BlackElo "1655"]
[PlyCount "90"]
[EventDate "2019.??.??"]
[WhiteTeam "Brühler SK"]
[BlackTeam "Bergische SF"]

1. e4 d6 2. f4 Nf6 3. e5 dxe5 4. fxe5 Ng8 5. Nf3 e6 6. Bc4 Ne7 7. O-O c6 8. d4
Nf5 9. Bg5 Be7 10. Qd2 h6 11. Bxe7 Qxe7 12. Nc3 b5 13. Bd3 a6 14. Ne4 Nd7 15.
a3 Bb7 16. Qb4 Qxb4 17. axb4 O-O 18. Nc5 Nxc5 19. dxc5 Ne7 20. c3 Rad8 21. Rad1
Nd5 22. Rfe1 Ra8 23. Be4 a5 24. Ra1 axb4 25. Rxa8 Rxa8 26. Bxd5 exd5 27. cxb4
Ra4 28. e6 fxe6 29. Rxe6 Kf7 30. Rd6 Ba8 31. Ne5+ Ke7 32. Ng6+ Ke8 33. Re6+ Kf7
34. Rd6 Rxb4 35. Nh8+ Ke8 36. Re6+ Kf8 37. Rd6 Ke8 38. Re6+ Kd7 39. Rd6+ Kc7
40. Nf7 Rxb2 41. Ne5 Rc2 42. Rd7+ Kc8 43. Rxg7 b4 44. Rg8+ Kb7 45. Rg7+ Ka6 {
Rest unklar.} 0-1

[Event "17. Bayer Open"]
[Site "Leverkusen"]
[Date "2019.01.28"]
[Round "3.1"]
[White "Balduan, Markus"]
[Black "Bär, Marco"]
[Result "1-0"]
[WhiteElo "2312"]
[BlackElo "2088"]
[PlyCount "145"]
[EventDate "2019.??.??"]
[WhiteTeam "TV Witzhelden"]
[BlackTeam "SC Bayer Leverkusen"]

1. c4 c5 2. Nc3 g6 3. g3 Bg7 4. Bg2 Nc6 5. d3 e6 6. e4 Nge7 7. Nge2 O-O 8. O-O
a6 9. Be3 Nd4 10. Qd2 Rb8 11. Bh6 Nxe2+ 12. Nxe2 d5 13. Bxg7 Kxg7 14. cxd5 exd5
15. Qc3+ Kg8 16. Qxc5 dxe4 17. dxe4 b6 18. Qc3 Bb7 19. Rfd1 Qe8 20. Qf6 Nc6 21.
Nc3 Ne5 22. Rd4 Nd7 23. Qd6 Nc5 24. Rad1 Ne6 25. R4d2 Qc8 26. Qe7 Qc5 27. Qf6
Qg5 28. Qxg5 Nxg5 29. Rd6 Ba8 30. f4 Ne6 31. f5 Nc7 32. Na4 gxf5 33. exf5 Rfe8
34. Bxa8 Nxa8 35. R1d4 Nc7 36. Rxb6 Rxb6 37. Nxb6 Kg7 38. Rd7 Re1+ 39. Kf2 Rc1
40. Rd2 Kf6 41. g4 h5 42. gxh5 Kxf5 43. Nd5 Kg5 44. Nxc7 Rxc7 45. Kg3 Rc6 46.
Rd5+ Kh6 47. Ra5 Rd6 48. Kf4 Re6 49. Kf3 Kg7 50. b3 Kh6 51. Kf4 Kg7 52. Re5 Rb6
53. Ke3 Kf6 54. Rc5 Kg7 55. Kd4 Kh7 56. Rd5 Rc6 57. Rd7 Kg7 58. Ra7 Kf8 59. b4
f5 60. Ke5 f4 61. Kxf4 Rc4+ 62. Ke5 Rxb4 63. h6 Kg8 64. Rxa6 Rb2 65. a4 Rxh2
66. Rf6 Rh5+ 67. Kd6 Rh4 68. a5 Ra4 69. Rf5 Rh4 70. Kc7 Rxh6 71. Kb7 Rh7+ 72.
Kb6 Rh6+ 73. Kb5 1-0

[Event "17. Bayer Open"]
[Site "Leverkusen"]
[Date "2019.01.28"]
[Round "3.2"]
[White "Heller, Achim"]
[Black "Marcziter, Dmitrii"]
[Result "1/2-1/2"]
[WhiteElo "2044"]
[BlackElo "2233"]
[PlyCount "104"]
[EventDate "2019.??.??"]
[WhiteTeam "SG Ennepe-Ruhr-Süd"]
[BlackTeam "DJK Aufwärts Aachen"]

1. d4 d5 2. c4 e6 3. cxd5 exd5 4. Nc3 c5 5. Nf3 Nc6 6. g3 Nf6 7. Bg2 Be7 8. O-O
O-O 9. Bg5 cxd4 10. Nxd4 h6 11. Be3 Bg4 12. h3 Be6 13. Rc1 Qd7 14. Kh2 Ne5 15.
Bf4 Ng6 16. Be3 Ne5 17. Bf4 Nc4 18. Nxe6 fxe6 19. b3 Nb6 20. a4 Rac8 21. a5 Na8
22. e4 Bb4 23. Be5 Bxa5 24. exd5 Bxc3 25. Rxc3 Rxc3 26. Bxc3 Nxd5 27. Qd4 Nab6
28. Rd1 Nxc3 29. Qxd7 Nxd7 30. Rxd7 Rxf2 31. Rxb7 Rf7 32. Rb8+ Kh7 33. Re8 Rf6
34. Re7 a6 35. Bb7 a5 36. Bc8 Ne2 37. Kg2 Nd4 38. Bd7 Nxb3 39. Bxe6 Nc5 40. Bc4
Kg6 41. Ra7 a4 42. Bb5 Rb6 43. Bxa4 Rb2+ 44. Kf3 Kf6 45. Bc6 Ne6 46. Ra4 Ng5+
47. Kg4 g6 48. Rf4+ Ke5 49. h4 Ne6 50. Re4+ Kf6 51. Bd5 Ng7 52. Kf3 Rd2 1/2-1/2

[Event "17. Bayer Open"]
[Site "Leverkusen"]
[Date "2019.01.28"]
[Round "3.3"]
[White "Stillger, Bernhard"]
[Black "Moors, Christoph"]
[Result "1-0"]
[WhiteElo "2228"]
[BlackElo "1968"]
[PlyCount "47"]
[EventDate "2019.??.??"]
[WhiteTeam "SV Mülheim-Nord"]
[BlackTeam "SC Erkrath"]

1. Nf3 Nf6 2. g3 e6 3. Bg2 d5 4. O-O Be7 5. c4 O-O 6. b3 c5 7. cxd5 Nxd5 8. Bb2
Nc6 9. d4 cxd4 10. Nxd4 Nxd4 11. Qxd4 Bf6 12. Qd2 Bxb2 13. Qxb2 Qf6 14. Qxf6
Nxf6 15. Na3 Rb8 16. Rfd1 b5 17. Rac1 Bb7 18. Rc7 Bxg2 19. Kxg2 a6 20. Rc6 Nd5
21. Rxa6 Nb4 22. Ra5 Nc6 23. Rxb5 Rxb5 24. Nxb5 1-0

[Event "17. Bayer Open"]
[Site "Leverkusen"]
[Date "2019.01.28"]
[Round "3.4"]
[White "Borchert, Stephan"]
[Black "Lindam, Ingo"]
[Result "1/2-1/2"]
[WhiteElo "2046"]
[BlackElo "2123"]
[PlyCount "103"]
[EventDate "2019.??.??"]
[WhiteTeam "SG Solingen"]
[BlackTeam "Kölner SK Dr. Lasker"]

1. e4 c5 2. Nf3 e6 3. d4 cxd4 4. Nxd4 Nc6 5. Nc3 Qc7 6. Be3 a6 7. Qd2 Nf6 8. f4
Bb4 9. Bd3 Na5 10. a3 Bxc3 11. Qxc3 Qxc3+ 12. bxc3 d5 13. e5 Ne4 14. Nf3 Nc4
15. Bd4 Bd7 16. Bxe4 dxe4 17. Nd2 Nxd2 18. Kxd2 Rc8 19. Rhe1 Bc6 20. Re3 Bd5
21. h4 h5 22. Rb1 Kd7 23. Rb6 g6 24. g3 Rc4 25. Re1 Rhc8 26. Ra1 Ra4 27. Rb4
Rc4 28. Rxa4 Rxa4 29. Kc1 Kc6 30. Kb2 Ra5 31. Rg1 Rb5+ 32. Kc1 Ba2 33. Kd2 Ra5
34. Ra1 Bc4 35. Ke3 Bd5 36. a4 Kc7 37. c4 Bc6 38. Bc3 Rxa4 39. Rxa4 Bxa4 40.
Kxe4 Bxc2+ 41. Kd4 Kc6 42. Ba5 b6 43. Bb4 a5 44. Bc3 Bd1 45. Bd2 Be2 46. Bc3
Bf1 47. Bd2 a4 48. Bb4 b5 49. cxb5+ Bxb5 50. Ba3 Bf1 51. Bc5 Kb5 52. Ba3
1/2-1/2

[Event "17. Bayer Open"]
[Site "Leverkusen"]
[Date "2019.01.28"]
[Round "3.5"]
[White "Peschel, Andreas"]
[Black "Nasoyan, Maksim"]
[Result "1-0"]
[WhiteElo "2110"]
[BlackElo "1987"]
[PlyCount "85"]
[EventDate "2019.??.??"]
[WhiteTeam "SG Solingen"]
[BlackTeam "SG Ennepe-Ruhr-Süd"]

1. Nf3 c5 2. c4 Nc6 3. g3 g6 4. d4 cxd4 5. Nxd4 Bg7 6. Nc2 Nf6 7. Bg2 O-O 8.
O-O d6 9. Nc3 Be6 10. b3 Rc8 11. Bb2 a6 12. Qd2 Qc7 13. Nd5 Bxd5 14. cxd5 Nb8
15. Ne3 Nbd7 16. Rac1 Qb8 17. Nc4 Rc7 18. Na5 Rfc8 19. Rxc7 Rxc7 20. Rc1 Nc5
21. Qc2 Ne6 22. Qb1 Nc5 23. Rc4 b5 24. Rc1 Qb6 25. Nc6 Ng4 26. Bxg7 Kxg7 27.
Qb2+ Kg8 28. Qd4 Nf6 29. Qe3 Kf8 30. Bf3 Qb7 31. Kg2 Qc8 32. b4 Nb7 33. Nxe7
Qd7 34. Rxc7 Qxc7 35. Nc6 Nd8 36. Nxd8 Qxd8 37. Qc3 Ng8 38. Qc6 Ne7 39. Qxa6
Qd7 40. e3 h5 41. h4 f5 42. Be2 Qc7 43. Qxb5 1-0

[Event "17. Bayer Open"]
[Site "Leverkusen"]
[Date "2019.01.28"]
[Round "3.6"]
[White "Kuhn, Andreas"]
[Black "Ramien, David"]
[Result "0-1"]
[WhiteElo "1973"]
[BlackElo "2119"]
[PlyCount "26"]
[EventDate "2019.??.??"]
[WhiteTeam "SG Niederkassel"]
[BlackTeam "SG Porz"]

1. d4 Nf6 2. c4 g6 3. g3 Bg7 4. Bg2 O-O 5. Nc3 d6 6. Nf3 Nbd7 7. O-O e5 8. e4
exd4 9. Nxd4 Re8 10. h3 Nc5 11. Qc2 Nfxe4 12. Nxe4 Nxe4 13. Be3 Nxg3 0-1

[Event "17. Bayer Open"]
[Site "Leverkusen"]
[Date "2019.01.28"]
[Round "3.7"]
[White "Bruchmann, Norbert"]
[Black "Schimpf, Rolf"]
[Result "1/2-1/2"]
[WhiteElo "2104"]
[BlackElo "1660"]
[PlyCount "68"]
[EventDate "2019.??.??"]
[WhiteTeam "SG Ennepe-Ruhr-Süd"]
[BlackTeam "SC Bayer Leverkusen"]

1. e4 d5 2. exd5 Qxd5 3. Nc3 Qa5 4. d4 c6 5. Bc4 Bf5 6. Bd2 e6 7. d5 cxd5 8.
Nxd5 Qd8 9. Qe2 Be7 10. Nxe7 Nxe7 11. O-O-O Qc7 12. Bc3 O-O 13. Kb1 Nbc6 14. g4
Bg6 15. h4 h6 16. h5 Bh7 17. Nh3 Rfd8 18. f4 Rxd1+ 19. Rxd1 Rd8 20. Rxd8+ Qxd8
21. Kc1 Nd5 22. Qd2 Nxc3 23. Qxc3 Qd4 24. Qxd4 Nxd4 25. c3 Nc6 26. Kd2 Kf8 27.
Ke3 Ke7 28. b4 Kd6 29. a4 Bc2 30. a5 b6 31. axb6 axb6 32. Nf2 Ne7 33. Ne4+ Bxe4
34. Kxe4 f6 1/2-1/2